Thiswaybreakup Quiz Stats

Quiz not verified by Sporcle

Challenge
Share
Tweet
Embed
Score 0/19 Timer 10:00
0 Plays Today
c % Correct
a day you get choclate bunny easter
80%
on the special daybirthday
60%
and people spreading stuffrumors
60%
over message on _ _ _ _ _ _ _ _ facebook
60%
getting someone else to do itfriend
40%
a magic trickdo you wanna see a trick poof your single
40%
say the went behind yousaying they cheated
40%
saying the strongest word love
40%
a note a nother word for it is_____letter
40%
something you would write on to see if someone is felling goodcard
40%
c % Correct
play a video blank or _____game
40%
not over ----text
40%
on there wallfacebook wall
40%
over the on the phone
20%
on a loving day valetines day
20%
after doing something some people call loveafter sex
20%
On a day when you are with family chirstmas
20%
or doing a game with friendst or d
20%
saying im doing what way saying i found better
20%

You're not logged in!

Compare scores with friends on all Sporcle quizzes.
Join for Free
OR
Log In

You Might Also Like...

Show Comments

Extras

Created Dec 12, 2014ReportNominate
Tags:dump, never, someone, witch

Top Quizzes Today


Score Distribution

Your Account Isn't Verified!

In order to create a playlist on Sporcle, you need to verify the email address you used during registration. Go to your Sporcle Settings to finish the process.

Report this User

Report this user for behavior that violates our Community Guidelines.

Details: